Machinery management; ការគ្រប់គ្រងម៉ាស៊ីនកសិកម្ម (Record no. 9068)

000 -LEADER
fixed length control field 00329nam a22001217a 4500
040 ## - CATALOGING SOURCE
Transcribing agency SK
082 ## - DEWEY DECIMAL CLASSIFICATION NUMBER
Classification number 631
100 ## - MAIN ENTRY--AUTHOR NAME
Personal name សួស ចំណាន
245 ## - TITLE STATEMENT
Title Machinery management; ការគ្រប់គ្រងម៉ាស៊ីនកសិកម្ម
260 ## - PUBLICATION, DISTRIBUTION, ETC. (IMPRINT)
Place of publication RUA
Name of publisher សួស
Year of publication 2011
300 ## - PHYSICAL DESCRIPTION
Number of Pages 56p.
942 ## - ADDED ENTRY ELEMENTS (KOHA)
Koha item type សៀវភៅភាសាអង់គ្លេស
952 ## - LOCATION AND ITEM INFORMATION (KOHA)
Withdrawn status [LOCAL, KOHA] 0
952 ## - LOCATION AND ITEM INFORMATION (KOHA)
Withdrawn status [LOCAL, KOHA] 0
952 ## - LOCATION AND ITEM INFORMATION (KOHA)
Withdrawn status [LOCAL, KOHA] 0
Holdings
Permanent Location Date acquired Koha item type Lost status Shelving location Barcode Current Location Full call number
Library Block C2016-08-23សៀវភៅភាសាអង់គ្លេស C239RUA042786Library Block C631 សួស 2011 C239
Library Block C2016-08-23សៀវភៅភាសាអង់គ្លេស C239RUA41957Library Block C631 សួស 2011 C239
Library Block C2016-08-23សៀវភៅភាសាអង់គ្លេស C239RUA043316Library Block C631 សួស 2011 C239
មជ្ឈមណ្ឌលឯការនៃសាកលវិទ្យាល័យភូមិន្ទកសិកម្មចំការដូង

Powered by Koha